Kĩ thuật trồng một số loại rau cao cấp ( ớt, ngô rau, măng tây, sulơ xanh, cải bao )

में बचाया:
ग्रंथसूची विवरण
मुख्य लेखक: Trần Thị Phương Anh
स्वरूप: पुस्तक
भाषा:Undetermined
प्रकाशित: Hà Nội Nông nghiệp 1999
विषय:
टैग : टैग जोड़ें
कोई टैग नहीं, इस रिकॉर्ड को टैग करने वाले पहले व्यक्ति बनें!
Thư viện lưu trữ: Trung tâm Học liệu Trường Đại học Cần Thơ
LEADER 00645nam a2200193Ia 4500
001 CTU_37343
008 210402s9999 xx 000 0 und d
020 |b 11.000đ 
082 |a 635.3 
082 |b A107 
100 |a Trần Thị Phương Anh 
245 0 |a Kĩ thuật trồng một số loại rau cao cấp ( ớt, ngô rau, măng tây, sulơ xanh, cải bao ) 
245 0 |c Trần Thị Phương Anh 
260 |a Hà Nội 
260 |b Nông nghiệp 
260 |c 1999 
650 |a vegetables 
904 |i Nguyễn Quang Điền, 000718 
980 |a Trung tâm Học liệu Trường Đại học Cần Thơ